A Game of Thrones Houses (extended) - Statistics

General Stats
  • This quiz has been taken 26,936 times
    26,934 since last reset
  • The average score is 40 of 54
Answer Stats
Surname % Correct
Stark
99%
Lannister
98%
Eddard Stark
97%
Robb Stark
96%
Baratheon
94%
Direwolf
94%
Winter is coming
93%
Tywin Lannister
92%
Winterfell
92%
Lion
91%
Tyrell
91%
Tully
88%
Greyjoy
87%
Martell
87%
Tyrion Lannister
87%
Targaryen
86%
Casterly Rock
85%
Dragon
85%
Arryn
82%
Rose
82%
Theon Greyjoy
80%
Stag
79%
Trout
79%
Joffrey Baratheon
78%
Sun and Spear
78%
Highgarden
77%
Jon Arryn
76%
Kraken
75%
Dragonstone
73%
Daenerys Targaryen
72%
Moon and Falcon
69%
Riverrun
69%
Storm's End
69%
Viserys Targaryen
69%
Hear me roar
68%
Sunspear
68%
Pyke
67%
Robert Arryn
67%
Edmure Tully
63%
Robert Baratheon
63%
The Eyrie
63%
Fire and Blood
62%
Balon Greyjoy
61%
Mace Tyrell
60%
We do not Sow
58%
Doran Martell
55%
Growing Strong
54%
Hoster Tully
52%
Ours is the Fury
51%
Family, Duty, Honour
49%
Unbowed, Unbent, Unbroken
45%
As High as Honour
42%
Arianne Martell
34%
Willas Tyrell
31%
No matching quizzes found
Score Distribution
Percent of People with Each Score
Percentile by Number Answered
Your Score History
You have not taken this quiz since the last reset